000
00273nam a2200121Ia 4500
999
_c
14130
_d
14130
008
260210s9999 xx 000 0 und d
020
_a
9789881470416
082
_a
686.224
100
_a
Send Points
245
0
_a
It'S My Type
260
_b
Send Points
942
_c
BDES
_2
ddc